000 00626nam a2200241Ia 4500
003 OSt
005 20221005132628.0
006 a|||||r|||| 00| 0
007 ta
008 221004b |||||||| |||| 00| 0 mal d
024 _a55941
037 _cTextual
040 _aCRL
_cCRL
_bmal
041 _2mal
_amal
082 _aO32,1NRA4x, M6
100 _aNair N. Raman Au.
_9641446
245 0 _aUnarthupattu
260 _c1986
650 _a MALAYALAM POETRY
_9185636
650 _aMALAYALAM LITERATURE
_938866
942 _hO32,1NRA4x, M6
_cTEXL
_2cc
999 _c1064264
_d1064264